000 00843nam a2200265Ia 4500
003 OSt
005 20221005041918.0
006 a|||||r|||| 00| 0
007 ta
008 221004b |||||||| |||| 00| 0 eng d
020 _a9788192698342 (hbk)
_c2700
024 _a14086
037 _b132/2013-14, 21/03/2014, Pioneer Books Distributors
_cTextual
040 _aCRL
_cCRL
_beng
041 _2eng
_aeng
082 _aV25213:71, Q3
100 _aTripathi Vibha
245 0 _aRural settlement of ancient varanasi
260 _aDelhi
_bSharda Publishing House India
_c2013
300 _axv, 182p.
_ccm.
650 _aHISTORY
700 _a Upadhyay Prabhakar
942 _hV25213:71, Q3
_cTEXL
_2cc
999 _c949299
_d949299